|
|
|
|
| LEADER |
01105nam a2200253 a 4500 |
| 001 |
15832909 |
| 008 |
120520s2009 vaua b 001 0 eng d |
| 010 |
|
|
|a 2009933397
|
| 020 |
|
|
|a 9781931185622 (pbk.)
|
| 040 |
|
|
|a DLC
|c DLC
|d DLC
|d BD-DhAAL
|
| 082 |
0 |
0 |
|a 808.0420711
|2 22
|
| 245 |
0 |
0 |
|a Explorations in second language reading /
|c edited by Roger Cohen.
|
| 260 |
|
|
|a Alexandria, VA :
|b Teachers of English to Speakers of Other Languages, Inc.,
|c c2009.
|
| 300 |
|
|
|a vi, 205 p. :
|b ill. ;
|c 21 cm.
|
| 490 |
0 |
|
|a TESOL classroom practice series
|
| 504 |
|
|
|a Includes bibliographical references (p. 187-198) and index.
|
| 541 |
1 |
|
|e 00025171
|
| 650 |
|
0 |
|a Reading (Higher education)
|
| 650 |
|
0 |
|a Second language acquisition.
|
| 650 |
|
0 |
|a English language
|x Study and teaching (Higher)
|x Foreign speakers.
|
| 700 |
1 |
|
|a Cohen, Roger.
|
| 852 |
1 |
|
|a Ayesha Abed Library
|j General shelf
|
| 999 |
|
|
|c 12180
|d 12180
|
| 952 |
|
|
|0 0
|1 0
|4 0
|6 808_042071100000000_EXP
|7 0
|9 20213
|a BRACUL
|b BRACUL
|c GEN
|d 2012-05-20
|e Tesol International Association
|g 24.00
|l 2
|m 19
|o 808.0420711 EXP
|p 3010025171
|r 2017-07-10
|s 2017-05-03
|t 1
|w 2012-05-20
|y BK
|